000 00526nam a22001817a 4500
005 20251108172435.0
008 250721s9999 xx 000 0 ara d
082 1 4 _a928إقل
100 1 _aإقلاديوس، أنيس فهمي
245 1 0 _aأدباء فازوا بجائزة نوبل /
264 1 _aالقاهرة :
_bالأهرام للطباعة و النشر،
300 _a227ص
650 1 7 _aالأدباء
650 1 7 _aالتراجم
650 1 7 _aجائزة نوبل
942 _2ddc
_cBK
999 _c79385
_d79385